Online
Catalog

Las nuevas tecnologías de la comunicación / (Record no. 10569)

MARC details
000 -CABECERA
campo de control de longitud fija 01670nam a2200289 a 4500
001 - NÚMERO DE CONTROL
campo de control 000010820
005 - FECHA Y HORA DE LA ÚLTIMA TRANSACCIÓN
campo de control 20200929162309.0
008 - DATOS DE LONGITUD FIJA--INFORMACIÓN GENERAL
campo de control de longitud fija 091012s2005 es ad 001 0 spa d
020 ## - NÚMERO INTERNACIONAL ESTÁNDAR DEL LIBRO
Número Internacional Estándar del Libro 8474326508
040 ## - FUENTE DE LA CATALOGACIÓN
Centro catalogador/agencia de origen DO-SdBNP
Lengua de catalogación spa
Centro/agencia transcriptor BNPHU
082 ## - NÚMERO DE LA CLASIFICACIÓN DECIMAL DEWEY
Número de clasificación 302.2
Número de documento/Ítem M298n
049 ## - FONDOS LOCALES (OCLC)
Fondos de biblioteca BNPD
Segunda subdivisión bibliográfica spa
100 1# - ENTRADA PRINCIPAL--NOMBRE DE PERSONA
Nombre de persona Mirabito, Michael M.
Fechas asociadas al nombre 1956-
9 (RLIN) 26138
245 14 - MENCIÓN DE TÍTULO
Título Las nuevas tecnologías de la comunicación /
Mención de responsabilidad, etc. Michael M. A. Mirabito ; traductor José A. Álvarez.
260 ## - PUBLICACIÓN, DISTRIBUCIÓN, ETC.
Lugar de publicación, distribución, etc. Barcelona :
Nombre del editor, distribuidor, etc. Gedisa,
Fecha de publicación, distribución, etc. 2005.
300 ## - DESCRIPCIÓN FÍSICA
Extensión 415 p. :
Otras características físicas il., gráf.
490 1# - MENCIÓN DE SERIE
Mención de serie Multimedia
Designación de volumen o secuencia 14
500 ## - NOTA GENERAL
Nota general Con la contribuciones de Barbara L. Morgenstern
500 ## - NOTA GENERAL
Nota general Incluye índice
504 ## - NOTA DE BIBLIOGRAFÍA, ETC.
Nota de bibliografía, etc. Incluye referencias bibliográficas
505 2# - NOTA DE CONTENIDO CON FORMATO
Nota de contenido con formato Prefacio -- Introducción -- Público -- Agradecimientos -- Declinación de responsabilidad -- La comunicación en la época moderna -- Bases técnicas de la comunicaciones modernas -- Introducción a la teclogía computacional -- Almacenamiento, recuperación y comunicación de la información -- La tecnología de las fibras ópticas -- Satélites -- La autoedición -- Los medios personales: la multimedia y el vídeo de escritorio --La tecnelogía computacional en las industrias de la radio y la televisión -- Servicios de información : el teletexto y los sistema interactivos -- Las teleconferencias -- Glosario -- Epílogo -- índice temático.
534 ## - NOTA SOBRE LA VERSIÓN ORIGINAL
Frase introductoria Título original en inglés
Mención de título del original The new communications tecnologues
650 #4 - PUNTO DE ACCESO ADICIONAL DE MATERIA--TÉRMINO DE MATERIA
Término de materia o nombre geográfico como elemento de entrada Medios de comunicación de masas
9 (RLIN) 50
650 #4 - PUNTO DE ACCESO ADICIONAL DE MATERIA--TÉRMINO DE MATERIA
Término de materia o nombre geográfico como elemento de entrada Comunicación
Subdivisión general Innovaciones tecnológicas
9 (RLIN) 26139
700 1# - PUNTO DE ACCESO ADICIONAL--NOMBRE DE PERSONA
Nombre de persona Álvarez, José A.
Término indicativo de función/relación trad.
9 (RLIN) 26092
830 #0 - PUNTO DE ACCESO ADICIONAL DE SERIE-TÍTULO UNIFORME
Título uniforme Gedisa Multimedia
Designación de volumen o secuencia 14
9 (RLIN) 26140
Holdings
Estado de retiro Estado de pérdida Restricciones de uso No para préstamo Código de colección Localización permanente Ubicación/localización actual Ubicación en estantería Fecha de adquisición Número de inventario Total de préstamos Signatura topográfica completa Código de barras Fecha visto por última vez Precio válido a partir de Tipo de ítem Koha
      Excluido de préstamo Monografías: Libros y Folletos General General En catalogación 12.10.2009 LF1   302.2 M298n 10820-10 25.06.2020 25.06.2020 No se presta

Powered by Koha